00503nam a2200193 a 4500001001300000003000900013005001700022008004100039020001000080082001600090100002900106245002500135260004300160300000900203500003500212505001000247650002300257700002900280nice12345678IN_TiNIC20260116012336.0050524s0000 deva grp 000 0 urd  ac10000a492.75bNOM aNomani, Mohammad Shareef aJadeed Arabi Sikhiye aDevbandbArabi Murasilati Markazc0000 a160p aincludes index and biblioraphy2 aindex aArabic-Course Book1 aNomani, Mohammad Shareef